00993nam a2200253 a 4500008004100000020003000041040001500071245020300086260006200289300006000351336002600411337002800437338002600465500002000491504004100511650002200552650002200574700003100596700003300627700002900660700003200689003000100721005001700722  a9780702034251 (paperback) aNUSTcNUST10aFascia :bthe tensional network of the human body the science and clinical applications in manual and movement therapy/cedited by Robert Schleip ; Thomas W Findley ; Leon Chaitow & Peter A Huijing. aEdinburgh, U.K :bChurchill Livingstone/Elsevier, c2012. axxx, 535 pages :billustrations (some colour) ;c25 cm. atextbtxt2rdacontent aunmediatedbn2rdamedia avolumebn2rdacarrier aIncludes index. aIncludes bibliographical references. 1aExercise therapy. aFasciaexAnatomy. aSchleip, Robert.,aeditor. aFindley, Thomas W.,aeditor. aChaitow, Leon.,aeditor. aHuijing, Peter A.,aeditor.20230123141227.0